Siegelsche modulfunktionen
Αποθηκεύτηκε σε:
| Κύριος συγγραφέας: | |
|---|---|
| Μορφή: | Βιβλίο |
| Γλώσσα: | German |
| Δημοσίευση: |
Berlin ; New York :
Springer-Verlag,
1983
|
| Σειρά: | Grundlehren der mathematischen wissenschaften ;
; 254 |
| Θέματα: | |
| Ετικέτες: |
Προσθήκη ετικέτας
Δεν υπάρχουν, Καταχωρήστε ετικέτα πρώτοι!
|
MARC
| LEADER | 00000nam a2200000 i 4500 | ||
|---|---|---|---|
| 001 | 1/51239 | ||
| 008 | 980819s1983 ger d | ||
| 020 | |a 3-540-11661-3 | ||
| 035 | |l 10044089 | ||
| 040 | |a GR-MY-UA |b gre |e aacr | ||
| 041 | 0 | |a ger | |
| 082 | 0 | |a 515.982 | |
| 100 | 1 | |a Freitag, E. |q (Eberhard) | |
| 245 | 1 | 0 | |a Siegelsche modulfunktionen / |c E. Freitag |
| 260 | |a Berlin ; New York : |b Springer-Verlag, |c 1983 | ||
| 300 | |a x, 341 p.; |c 24 cm. | ||
| 490 | 1 | |a Grundlehren der mathematischen Wissenschaften |v ; 254 | |
| 500 | |a Includes bibliography and index | ||
| 650 | 0 | 0 | |a Modular functions. |
| 830 | 0 | |a Grundlehren der mathematischen wissenschaften ; |v ; 254 | |
| 852 | |a INST |b SAMOS |e 19980819 |h 515.982 FRE |p 005300009623 |q 005300009623 |t BK |y 0 | ||
| 901 | |a BIBL-1998-2 | ||
| 909 | |a Σ |b 041567 | ||
| 922 | |a 3ΕΛΗ |b 199808 |c ΒΙΒΛΙΟΘΗΚΗ |d ΚΩΣΤΑΡΑΚΗΣ | ||